00911nab a22001817a 4500003000400000005001700004008004100021040000700062100002600069245007200095300001500167500003600182505022700218505008200445650002300527650002900550773015000579OSt20260121011827.0190514b xxu||||| |||| 00| 0 spa d cPJ aVallejos, Cecilia I. 13aEl rompecabezas de armar soluciones justas /cCecilia I. Vallejos.  ap. 191-198 aCita: TR LALEY AR/DOC/984/2024. aSumario: I. El caso.— II. Primeras impresiones.— III. Retomando viejas cuestiones: la privación de la responsabilidad parental y la tutela.— IV. Aplicación analógica o juez legislador. Una tensión constante.  tFallo comentado: JFlia, Río Gallegos Nº 2 ~ 28/09/2023 ~ F. O. s/ tutela. 0aDERECHO DE FAMILIA 0aJURISPRUDENCIA APLICABLE0 02844dBuenos Aires : AbeledoPerrot, 1989-tDerecho de familia. Revista Interdisciplinaria de doctrina y jurisprudencia. Junio 2024-III.z18511201